LEADER 01022nam a2200265 i 4500 001 000000154618 003 CaOOAMICUS 005 20061020000000.0 008 061020s1950 it u000 u ita u 013 $a131964 040 $aSeMil$bita 100 1 $aRilke, Rainer Maria,$d<1875-1926>.$0(OLS)http://semarc/name/6263 245 13$aIl libro d'ore /$cRainer Maria Rilke ; premessa di Cesare Angelini. 260 $aBrescia :$bMorcelliana,$c1950. 300 $a108 p. ;$c21 cm. 490 0 $aConfidenziali : candidior interius 500 $aFondo Ciprandi. 700 1 $aAngelini, Cesare,$c.$0(OLS)http://semarc/name/18192 830 0$aConfidenziali.$0(OLS)http://semarc/title/20003 850 $aSeMil 852 $aSeMil$W1$xVenegono$y1$m1W III 219$j106475$B106475$CSeMilBibl$Z2$F115693 $81 941 1 $a1 961 $aOmaggio: Ciprandi dott. Paolo 996 $6245$aIl libro d'ore$9(OLS)http://semarc/title/226301 996 $6260$aBrescia :$bMorcelliana$9(OLS)http://semarc/publisher/29629 LEADER 01457nam a2200277 i 4500 001 000000174637 003 CaOOAMICUS 005 20080924000000.0 008 080924s1965 sw u000 u ger u 013 $a152113 040 $aSeMil$bita 100 1 $aMontgomery, Hugo.$0(OLS)http://semarc/name/65179 245 10$aGedanke und Tat :$bzur Erzählungstechnik bei Herodot, Thukydides, Xenophon und Arrian /$cHugo Montgomery. 260 $aLund :$bC.W.K. Gleerup,$c1965. 300 $aXVII, 270 p. ;$c23 cm. 490 0 $aSkrifter utgivna av Svenska Institutet i Athen, 8° = Acta Instituti atheniensis regni Suesiae ;$v6. 600 04$aArriano : di Nicomedia .$0(OLS)http://semarc/subject/33294 600 04$aSenofonte .$0(OLS)http://semarc/subject/33293 600 04$aErodoto <484-425 a.C.>.$0(OLS)http://semarc/subject/14907 600 04$aTucidide .$0(OLS)http://semarc/subject/29865 830 0$aSkrifter utgivna av Svenska Institutet i Athen, 8° = Acta Instituti atheniensis regni Suesiae ;$v6.$0(OLS)http://semarc/title/250369 850 $aSeMil 852 $aSeMil$W1$xVenegono$y1$m1X II 121$j237797$B125473$CSeMilBibl$Z2$F136463 $81 961 $aRecupero: Altro 996 $6245$aGedanke und Tat :$bzur Erzählungstechnik bei Herodot, Thukydides, Xenophon und Arrian$9(OLS)http://semarc/title/250368 996 $6260$aLund :$bC.W.K. Gleerup$9(OLS)http://semarc/publisher/35268